00576 a2200145 4500010001400000020002300014035001300037037001800050082001200068100002300080245016200103260004900265270008500314300003100399 aENG-85825 a8131301435c695.00 aEN-69358 bD.B.Act / Pub14a371.2621 aYogesh Kumar Singh1 aEducation and mental measurementbmodified syllabus Indian universities/ B.Ed training institute and colleges/ Department of educationcby Yogesh Kumar Singh aNew DelhibAPH Publishing Corporatioonc2007 a5, Ansari Road, Darya GanjbNew Delhie110 002k011- 23274050maphbooks@vsnl.net aviii, 360 p.b22 cm ( Hb.)